000 00947nam a22003257a 4500
001 BR0501057
003 BR-BrBNA
005 20230928101826.0
007 ta
008 230509b bl.||||| |||| 00| 0 por d
040 _aBR-BrBNA
_bpor
_cBiblioteca Nacional de Agricultura
041 _a(Eng, Por)
072 _aL01; E16; E70
_b5213
_b5214
_b5240
090 _ 5213 BR0501057
110 1 _aEditora Gazeta Santa Cruz Ltda., RS (Brasil)
_93489
245 1 _aAnuário brasileiro da pecuária 2004
_bBrazilian Cattle Ranching Yearbook
260 3 _aSanta Cruz do Sul, RS (Brasil):
_c2004.
300 _a136 p.
650 _aGADO DE CORTE
650 _aGADO DE LEITE
650 _aOVINOCULTURA
650 _aESTATÍSTICA DE PRODUÇÃO
650 _aCONSUMO
650 _aCOMERCIALIZAÇÃO
650 _aCUSTO
650 _aMERCADO NACIONAL
650 _aMERCADO INTERNACIONAL
909 _a202309
_bLucia
_c55
_dLucia Elande
942 _cBK
999 _c67766
_d67766